000 01598cam a22004694i 4500
003 PE-LiUPU
005 20250731173342.0
008 150706s2009 sp r 000 0 spa d
020 _a9788481699289
035 _a(Sirsi) i9788481699289
040 _aPE-LiUPU
_bspa
_cPE-LiUPU
_erda
049 _aPRUA
082 0 4 _a222.1
_bR41
_221
100 1 _aRenaud, Bernard,
_eautor.
245 1 3 _aLa alianza en el corazón de la Torá /
_cBernard Renaud.
264 1 _aEstella, Navarra :
_bVerbo Divino,
_c2009.
300 _a72 páginas ;
_c19 centímetros.
336 _atext
_2rdacontent
337 _aunmediated
_2rdamedia
338 _avolume
_2rdacarrier
490 0 _aCuadernos bíblicos ;
_v143
505 0 _aLa alianza con Noé -- La Alianza con Abrahán -- La Alianza de Dios con Israel.
526 _aSEG42
526 _aSEG41
526 _aSEG40
526 _aSEG39
526 _aP94
526 _aP87
526 _aP86
526 _aP85
526 _aP77
526 _aP76
526 _aP35
541 _g007-0020316;
630 0 4 _aBiblia.
_pA.T.
_pPentateuco
_xComentarios.
910 _bjv
_cng
_d20090910
942 _2ddc
_cBOOK
949 _a222.1 R41
_wDEWEY
_c1
_i60320
_lCCODEBUL1
_mBUL
_p11.00
_r0
_sY
_tBOOK
_u2015-7-6
_xTEOLOGIA
_zUNKNOWN
_0COMPRA
_o.STAFF. Colección General
994 _aC0
_bPEPRU
596 _a1
999 _a222.1 R41
_wDEWEY
_c49781
_i60320
_f2021-11-9
_g5
_lCCODEBUL1
_mBUL
_p11.00
_r0
_sY
_tBOOK
_u2015-7-6
_xTEOLOGIA
_zUNKNOWN
_0COMPRA
_o.STAFF. Colección Teología
_d49781
980 _81
_gALBERTO SANCHEZ Responsable de Automatización